20 самых населенных городов Украины на 2020 год - Statistics

General Stats
  • This quiz has been taken 11 182 times
  • The average score is 13 of 20
Answer Stats
Численность населения на 2020 год Город % Correct
2 888 470 Киев
100%
1 444 540 Харьков
90%
728 545 Львов
90%
1 010 000 Одесса
89%
932 562 Донецк
89%
417 990 Луганск
85%
984 423 Днепропетровск
76%
296 161 Херсон
73%
758 011 Запорожье
66%
294 522 Чернигов
61%
458 533 Мариуполь
58%
494 381 Николаев
57%
268 409 Сумы
56%
372 432 Винница
53%
268 000 Житомир
52%
294 695 Полтава
51%
646 748 Кривой Рог
48%
284 459 Черкассы
38%
267 891 Хмельницкий
33%
348 173 Макеевка
13%
No matching quizzes found
Score Distribution
Percent of People with Each Score
Percentile by Number Answered
Your Score History
You have not taken this quiz